000 00347nam a2200121Ia 4500
005 20251222154342.0
008 251222s9999||||xx |||||||||||||| ||spa||
020 _a84-87510-26-4
082 _a510.332/G67
100 _a"Gonzáles Catalá, Vicente T."
245 0 _aEnfoques prácticas de las operaciones de la matemética financiera
942 _cLIB
999 _c34553
_d34553